|
|
|
|
| LEADER |
00000naa2a2200000 4500 |
| 001 |
209837 |
| 005 |
20231225144113.0 |
| 035 |
|
|
|a (RuTPU)RU\TPU\book\229188
|
| 090 |
|
|
|a 209837
|
| 100 |
|
|
|a 20120216d2009 k y0rusy50 ca
|
| 101 |
0 |
|
|a rus
|
| 102 |
|
|
|a RU
|
| 200 |
1 |
|
|a Deutsche essgewohnheiten und moderne gesunde ernährung
|f E. W. Kalinina, V. A. Rutschzeva
|
| 320 |
|
|
|a Библиогр.: 5 назв.
|
| 463 |
|
0 |
|0 (RuTPU)RU\TPU\book\208739
|t Трансформация научных парадигм и коммуникативные практики в информационном социуме
|o сборник научных трудов, Томск, 20-21 октября 2009 г.
|f Томский политехнический университет (ТПУ) ; под ред. В. Г. Рубанова
|v С. 326-328
|d 2009
|p 363 с.
|
| 610 |
1 |
|
|a немцы
|
| 610 |
1 |
|
|a Германия
|
| 610 |
1 |
|
|a питание
|
| 610 |
1 |
|
|a здоровье
|
| 610 |
1 |
|
|a здоровое питание
|
| 610 |
1 |
|
|a современное положение
|
| 610 |
1 |
|
|a труды учёных ТПУ
|
| 700 |
|
1 |
|a Kalinina
|b E. W.
|c Linguist
|c Oberlehrer der Polytechnischen Universität Tomsk
|f 1962-
|g Elena Wladimirowna
|3 (RuTPU)RU\TPU\pers\29284
|9 13884
|
| 701 |
|
1 |
|a Rutschzeva
|b V. A.
|
| 801 |
|
1 |
|a RU
|b 63413507
|c 20120216
|
| 801 |
|
2 |
|a RU
|b 63413507
|c 20120523
|g RCR
|
| 942 |
|
|
|c BK
|